[Event "Angers op 4th"]
[Site "Angers"]
[Date "2009.04.17"]
[Round "2"]
[White "Moustafa, Abdelkarim"]
[Black "Grego, Pierre"]
[Result "0-1"]
[WhiteElo "1673"]
[BlackElo "1893"]
[PlyCount "50"]
[EventDate "2009.04.17"]
[EventType "swiss"]
[EventRounds "6"]
[EventCountry "FRA"]
[SourceTitle "CBM 129 Extra"]
[Source "ChessBase"]
[SourceDate "2009.05.05"]
[SourceVersion "2"]
[SourceVersionDate "2009.05.20"]
[SourceQuality "1"]

1. e4 d6 2. d4 Nf6 3. Nc3 Nbd7 4. Bg5 e5 5. dxe5 dxe5 6. Nf3 c6 7. g3 h6 8. Bxf6 Qxf6 9. Bh3 Bb4 10. Bxd7+ Bxd7 11. Qd3 Bg4 12. Nd2 0-0 13. f3 Be6 14. a3 Rfd8 15. Qe3 Ba5 16. 0-0-0 Bb6 17. Qe2 Bd4 18. Ndb1 Qg5+ 19. Nd2 b5 20. Rhf1 Bc4 21. f4 Bxe2 22. fxg5 Bxf1 23. Rxf1 hxg5 24. Ne2 Be3 25. Rd1 Rxd2 0-1

[Event "Nantes op 6th"]
[Site "Nantes"]
[Date "2007.12.28"]
[Round "5"]
[White "Moustafa, Abdelkarim"]
[Black "Flachet, Jade"]
[Result "0-1"]
[WhiteElo "1410"]
[BlackElo "1140"]
[PlyCount "30"]
[EventDate "2007.12.26"]
[EventType "swiss"]
[EventRounds "7"]
[EventCountry "FRA"]
[SourceTitle "CBM 122 Extra"]
[Source "ChessBase"]
[SourceDate "2008.03.04"]
[SourceVersion "1"]
[SourceVersionDate "2008.03.04"]
[SourceQuality "1"]

1. e4 e5 2. Nf3 Nc6 3. Bc4 Nf6 4. Ng5 d5 5. exd5 Nxd5 6. d3 h6 7. Bxd5 hxg5 8. Bxc6+ bxc6 9. 0-0 Bb4 10. a3 Bc5 11. b4 Be7 12. c4 c5 13. b5 Qd6 14. Nc3 e4 15. Nxe4 Qxh2# 0-1